000 00805nam a2200265Ia 4500
003 OSt
005 20220925210105.0
006 a|||||r|||| 00| 0
007 ta
008 220923b |||||||| |||| 00| 0 eng d
020 _a0030890586
037 _cGeneral Book
040 _aRTL
_cRTL
_beng
041 _2eng
_aeng
082 _aSigma, L2
100 _aWeinstein Deena
_9271833
245 0 _aRoles of man
_b An introduction to the social scien
260 _aIllinois
_bDryden Press
_c1972
300 _axiii,212p.
_ccm.
500 _aBibliography at the end of each chapter; Glossary p. 205-08
650 _aSocial Sciences
700 _a Weinstein Michael
_9271834
942 _hSigma, L2
_cGB
_2CC
999 _c554051
_d554051